Les trésors que Lara Croft cherche dans les jeux Tomb Raider - Statistiques

Statistiques générales
  • Ce quiz a été pris 15 fois
  • Le résultat moyen est 2 sur 10
Statistiques - réponses
Jeu Ce que Lara Croft recherche % Correct
Tomb Raider 2 Dague de Xian
69%
Tomb Raider: Legend Excalibur
31%
Tomb Raider (2013) Yamatai
23%
Tomb Raider : La Révélation finale Armure d'Horus/Amulette d'Horus
15%
Tomb Raider: Underworld Gantelets de Thor/Ceinture de Thor/Marteau de Thor
15%
Tomb Raider : Sur les traces de Lara Croft Pierre de Mercure/Lance de Longinus/Grimoire de Kaleta/Iris
15%
Rise of the Tomb Raider Source Divine
15%
Shadow of the Tomb Raider Paititi
0%
Tomb Raider III: Les Aventures de Lara Croft Pierre d'Infada/Dague d'Ora/Oeil d'Isis/Objet 115
0%
Tomb Raider Scion des Atlantides
0%
Aucun quiz correspondant
Distribution des résultats
% des personnes avec chaque résultat
Percentile par nombre de réponses
Votre historique - résultats
Vous n’avez pas pris ce quiz